000 00304nam a22001217a 4500
008 170713b xxu||||| |||| 00| 0 eng d
041 _aeng
080 _a038
100 _a23
101 _aFJA
245 _aDICTIONARY OF COMMERCIAL & FINANCIAL TERMS, PHRASES& PRACTICE
_cKETTRIDGE,J.O
942 _2udc
_cBK
999 _c20438
_d20438